Country Bingo - Statistics

General Stats
  • This quiz has been taken 67 times
  • The average score is 20 of 26
Answer Stats
Capital Answer % Correct
Kabul O Afghanistan
97%
Havana O Cuba
97%
Tehran O Iran
97%
Santiago O Chile
94%
Nairobi O Kenya
91%
Manila O Philippines
89%
Lima O Peru
86%
Canberra O Australia
77%
Vienna O Austria
77%
Moscow O Russia
77%
Sarajevo O Bosnia and Herzegovina
74%
Tripoli O Libya
74%
Dodoma O Tanzania
74%
Bogota O Colombia
71%
Castries O St Lucia
71%
Dili O East Timor
69%
Conakry O Guinea
69%
Gabrone O Botswana
66%
Bangui O Central African Republic
66%
Libreville O Gabon
66%
Georgetown O Guyana
66%
Roseau O Dominica
63%
Palikir O Federated States of Micronesia
63%
Suva O Fiji
63%
Bingo
60%
Apia O Samoa
60%
No matching quizzes found
Score Distribution
Percent of People with Each Score
Percentile by Number Answered
Your Score History
You have not taken this quiz